000 00338nam a2200133Ia 4500
008 220204s9999 xx 000 0 und d
082 _a338.45.01
_bGUP
100 _aAmarjit Singh, N S
245 0 _aIndustrial economy of India
260 _aDelhi
_bLight &life
_c1978
650 _aIndustrial economics
700 _aGupta
942 _cBK
999 _c29810
_d29810